[Event "YUG-ch 56th"]
[Site "Herceg Novi"]
[Date "2001.04.03"]
[Round "11"]
[White "Kosic, Dragan"]
[Black "Pavlovic, Milos"]
[Result "1/2-1/2"]
[WhiteElo "2504"]
[BlackElo "2496"]
[Annotator "Finkel,A"]
[PlyCount "103"]
[EventDate "2001.03.23"]
[EventType "tourn"]
[EventRounds "15"]
[EventCountry "YUG"]
[EventCategory "10"]
[SourceTitle "CBM 083"]
[Source "ChessBase"]
[SourceDate "2001.07.05"]
[SourceVersion "1"]
[SourceVersionDate "2001.07.05"]
[SourceQuality "1"]

1. d4 Nf6 2. Nf3 d5 3. c3 g6 4. Bf4 Bg7 5. Nbd2 (5. e3 O-O 6. Nbd2 c6 (6...
Nbd7 7. h3 b6 8. a4 a5 9. Bb5 Ba6 10. Bxa6 Rxa6 11. Ne5 Nxe5 12. Bxe5 Nd7 $11 {
Limp,E-Fernandez,R/Sao Paulo State-ch1 1998}) 7. Be2 Bg4 8. h3 Bxf3 9. Bxf3
Nbd7 10. Qb3 Qb6 11. c4 dxc4 12. Nxc4 Qxb3 13. axb3 Nd5 $132 {Beil,Z-Klima,L/
CZE Moravia-ch 1995}) 5... O-O 6. h3 c5 (6... b6 7. e3 Bb7 8. Be2 c5 (8... Nfd7
9. O-O c5 10. b4 a5 11. bxc5 bxc5 12. Rb1 Ra7 13. Qa4 $14 {Dietz,H-Bialas,W/
BL2-S 1995}) 9. O-O Nbd7 10. Ne5 e6 11. b4 Qe7 12. bxc5 bxc5 13. Rb1 Nb6 14. a4
cxd4 15. cxd4 Ne4 $11 {Zaitseva,L-Khurtsidze,N/Kishinev izt-W 1995}) 7. e3 Qb6
(7... b6 8. Be2 Nfd7 9. O-O Nc6 10. Bg3 Bb7 11. Qb3 Qc8 12. Rfd1 Rd8 13. Rac1
e5 14. dxe5 Ndxe5 15. Nxe5 Nxe5 $11 {Sitanggang,S-Liu Dede/Jakarta 1994}) 8.
Qb3 Nc6 9. Be2 c4 (9... Qxb3 10. axb3 b6 11. Ne5 Bb7 12. Bf3 Nd8 $132) 10. Qxb6
(10. Qc2 Bf5 11. Qc1 Ne4 12. Nxe4 Bxe4 13. O-O Qd8 $11) 10... axb6 11. O-O b5
12. a3 Bf5 13. Rfe1 h6 (13... Ne4 14. Nxe4 Bxe4 15. Nd2 Bf5 16. Bf3 Rad8 17. e4
dxe4 18. Nxe4 e5 19. dxe5 Nxe5 20. Nf6+ $1 $14 {[%csl Rb5,Rb7]}) 14. g4 Be4 (
14... Bd7 15. Ne5 Nxe5 16. Bxe5 Bc6 17. f4 e6 18. Bf3 $14) 15. Bh2 Rfe8 16.
Rad1 Rad8 17. Nxe4 Nxe4 18. Nd2 Nf6 $6 (18... Nxd2 19. Rxd2 e6 $5 (19... f5 $6
20. gxf5 (20. Bf3 e6 21. Bg2 Kf7 22. Red1 Bf6 23. f3 h5 $11) 20... gxf5 21. Bh5
$1 Rf8 22. f3 e6 23. Rg2 $14 {[%cal Gg1f2,Ge1g1,Gh2f4]}) 20. Bf3 f5 21. gxf5
exf5 22. Kg2 Kf7 $13 {[%cal Gc6e7,Ge7g8,Gg8f6]}) 19. Bf1 $14 {Now white will
transfer e4 at the most suitable moment.} e6 20. Bg2 Bf8 21. Re2 Bd6 22. f4 $5
(22. Bxd6 Rxd6 23. f4 Kf8 24. Bf3 g5 25. Kg2 $14) 22... Ne7 23. Rf1 Kg7 24. Bg3
$6 {White chooses to exchange his darksquared bishop for the knight and to
play e4 afterwords and it turns to be a wrong jugement- black gets sufficient
counterplay, while after logical} (24. e4 $5 dxe4 25. Nxe4 Nxe4 26. Rxe4 Nd5 $6
27. f5 Bxh2+ 28. Kxh2 $16) 24... h5 25. Bh4 hxg4 26. Bxf6+ Kxf6 27. hxg4 Kg7
28. e4 dxe4 29. Nxe4 Bc7 $1 (29... Nd5 30. Nxd6 Rxd6 31. f5 $14) 30. Nc5 Nd5
31. f5 Nf4 32. Ref2 g5 $5 (32... Nxg2 $5 33. fxg6 $5 {[%csl Rc7][%cal Gf2f7]} (
33. Kxg2 exf5 34. gxf5 g5 35. Nxb7 Rd5 36. Nc5 Bf4 $13) 33... Nf4 34. gxf7 Kxf7
35. Rxf4+ Bxf4 36. Rxf4+ Kg6 $13) 33. fxe6 fxe6 34. Nxb7 Rc8 35. Nc5 e5 $44 36.
Rd2 exd4 37. cxd4 Rcd8 $6 {[%csl Rd4][%cal Gf4e2,Gc7b6,Gb6g1]} 38. Bc6 $5 (38.
Bf3 Bb6 39. Rfd1 Rxd4 40. Rxd4 Bxc5 $11) 38... Re7 39. Bxb5 Bb6 40. Rfd1 (40.
b4 $1 $16) 40... Ne2+ 41. Rxe2 (41. Kg2) 41... Rxe2 42. Bxc4 Rc2 43. Bd3 (43.
Ne6+ Kf6 44. Nxd8 Rxc4 45. b3 Rc3 46. Nb7 Rxb3 $14) 43... Bxc5 $1 $11 44. Bxc2
Rxd4 45. Kf1 Rxg4 46. Rd5 Bd4 47. b3 Rf4+ 48. Ke2 Kf6 49. Rd8 g4 50. Rf8+ Ke5
51. Rxf4 Kxf4 52. Kf1 1/2-1/2

[Event "Julian Borowski-B 3rd"]
[Site "Essen"]
[Date "2001.05.02"]
[Round "1"]
[White "Siebrecht, Sebastian"]
[Black "Pelletier, Yannick"]
[Result "0-1"]
[WhiteElo "2393"]
[BlackElo "2531"]
[Annotator "Finkel,A"]
[PlyCount "66"]
[EventDate "2001.05.02"]
[EventType "tourn"]
[EventRounds "9"]
[EventCountry "GER"]
[EventCategory "9"]
[SourceTitle "CBM 083"]
[Source "ChessBase"]
[SourceDate "2001.07.05"]
[SourceVersion "1"]
[SourceVersionDate "2001.07.05"]
[SourceQuality "1"]

1. d4 Nf6 2. Nf3 d5 3. Bg5 Ne4 4. Bf4 c5 5. e3 Qb6 6. Qc1 Nc6 7. c3 g6 {
One of many possible ways for black to get comfortable play.} (7... Bf5 8. Na3
(8. Be2 h6 9. h4 e6 10. Nbd2 Be7 11. Nxe4 Bxe4 12. Bg3 Rc8 $15 {Pizarro Segura,
E-Ferguson,M/Benasque op 1997}) (8. Nbd2 e6 9. Nxe4 Bxe4 10. Be2 Be7 11. O-O
O-O 12. Qd2 Rfe8 13. Ne5 {1/2-1/2 Stolte,A-Doennebrink,E/NRW-Liga 9798 1997})
8... cxd4 9. exd4 e6 10. Nc2 Be7 11. Be2 Rc8 12. O-O O-O $11 {Roumegous,
M-Berthelot,Y/ch-Paris 2000}) (7... h6 8. h3 Bf5 9. Nbd2 e6 {It's clear that
black has successfully solved opening problems and he may look in the future
with healthy optimism.} (9... Rc8 10. Be2 e6 11. O-O Be7 12. Nxe4 Bxe4 13. Qd2
O-O 14. Ne5 $11 {Isonzo,D-Bellini,F/ITA-ch 1996}) 10. Be2 Be7 11. O-O O-O 12.
Nxe4 Bxe4 13. Ne5 Nxe5 14. Bxe5 cxd4 $11 {Riazantsev,A-Fominyh,A/Petroff mem
op 2000}) (7... cxd4 8. exd4 Bf5 9. Be2 Rc8 10. O-O e6 11. Nbd2 Be7 12. Be3 O-O
13. Nxe4 Bxe4 $11 {Cepon,D-Palac,M/Nova Gorica 1996}) (7... Bg4 8. Ne5 Bf5 9.
f3 Nf6 10. Nd2 cxd4 11. exd4 Nxe5 12. Bxe5 $11 {Kaber,R-Jovicic,M/Mitropa Cup
1990}) 8. Nbd2 Nxd2 9. Qxd2 Bg7 10. Be2 ({Serious attention deserved} 10. O-O-O
$5 cxd4 11. exd4 Bg4 12. Be2 Qa5 13. Kb1 Bxf3 14. Bxf3 h5 15. Qe3 e6 $132)
10... O-O 11. O-O Bf5 $11 12. Nh4 $6 {White loses a track and very quickly
finds himself in very difficult position} Be6 13. h3 f6 $1 {Preparing e5.} 14.
Bh2 (14. dxc5 Qxc5 15. Nf3 Bf7 16. Rfd1 e5 17. Bg3 Rad8 $15) 14... Bf7 15. Nf3
Kh8 16. Bd3 Rad8 $5 17. Qe2 e5 $15 18. dxe5 (18. dxc5 Qxc5 19. Bc2 (19. e4 $2
dxe4 20. Qxe4 f5 $19 {[%cal Ge5e4]}) 19... Rfe8 20. Rfd1 g5 $15) 18... fxe5 19.
Ng5 $6 Bg8 20. c4 e4 $17 {Now in addition to the positional advantage black
also gets the material one.} 21. Bc2 Qxb2 22. Rab1 $5 Qxa2 23. Rxb7 h6 $19 {
[%csl Rg5]} 24. cxd5 (24. Rc7 Qa6 $1 (24... Nb4 $2 {[%csl Re5]} 25. Rxg7 $1
Kxg7 (25... Qxc2 26. Be5 $3 $18) 26. Be5+ Rf6 27. Ra1 Qxc2 28. Qxc2 Nxc2 29.
Rxa7+ Kf8 30. Bxf6 $16) 25. Qg4 hxg5 26. Qxg5 Qxc4 27. Qxg6 Bf7 $19) 24... Bxd5
25. Qg4 Qxc2 $1 {Here white could resign,but he makes some more moves.} 26. Bc7
Rde8 27. Qd7 Ne7 28. Ne6 Bc6 29. Qd6 Bxb7 30. Nxf8 Bxf8 31. Qf4 Bg7 32. Qf7 Bc6
33. Bd6 Qd3 0-1

[Event "ARG-World"]
[Site "Buenos Aires"]
[Date "1994.??.??"]
[Round "5"]
[White "Soppe, Guillermo"]
[Black "Leko, Peter"]
[Result "0-1"]
[WhiteElo "2430"]
[BlackElo "2545"]
[Annotator "Ftacnik,L"]
[PlyCount "100"]
[EventDate "1994.04.??"]
[EventType "schev"]
[EventRounds "10"]
[EventCountry "ARG"]
[SourceTitle "CBM 042"]
[Source "ChessBase"]
[SourceDate "1994.10.01"]
[SourceVersion "1"]
[SourceVersionDate "1994.10.01"]
[SourceQuality "1"]

1. d4 Nf6 2. Nf3 c5 3. e3 g6 4. Be2 Bg7 5. O-O b6 6. a4 O-O 7. a5 Ba6 8. Bxa6
Nxa6 9. Qe2 Nb4 10. c3 Nc6 11. a6 $6 (11. axb6 axb6 12. Rxa8 Qxa8 13. Na3 $10)
11... Rc8 12. Na3 $6 (12. Rd1) 12... d5 13. Rd1 c4 $17 14. Bd2 Ne4 15. Be1 Re8
16. Nd2 Nxd2 17. Bxd2 e5 18. dxe5 Nxe5 19. Be1 Nd3 20. Rxd3 cxd3 21. Qxd3 Qd7
22. Nc2 Bf8 23. h3 Qc6 24. Nb4 Bxb4 25. cxb4 Qc4 26. Qd1 f5 (26... Qc2 $6 27.
Qxc2 Rxc2 28. Bc3 $15) 27. Bc3 f4 28. Qd2 fxe3 29. fxe3 Qe4 30. Rd1 (30. Re1
Rc7 $17) 30... Qxe3+ 31. Qxe3 Rxe3 32. Rxd5 Re7 33. h4 Rcc7 34. Rd8+ Kf7 35.
Kf2 Rcd7 36. Rh8 Ke6 37. Kg3 Kf5 38. Kf3 Rd3+ 39. Kf2 Kg4 40. Rc8 Rf7+ 41. Kg1
Kxh4 42. Rc4+ Kg5 43. Kh2 h5 44. Re4 Rd5 45. Re6 Kf5 46. Re8 g5 47. Rh8 h4 48.
Rh6 Kg4 49. Re6 Rd1 50. Re4+ Rf4 0-1

[Event "Hamburg SKA"]
[Site "Hamburg"]
[Date "1991.07.06"]
[Round "9"]
[White "Lobron, Eric"]
[Black "Wahls, Matthias"]
[Result "0-1"]
[WhiteElo "2545"]
[BlackElo "2560"]
[Annotator "Ftacnik,L"]
[PlyCount "68"]
[EventDate "1991.06.27"]
[EventType "tourn"]
[EventRounds "13"]
[EventCountry "GER"]
[EventCategory "11"]
[SourceTitle "CBM 024"]
[Source "ChessBase"]
[SourceDate "1991.10.01"]
[SourceVersion "1"]
[SourceVersionDate "1991.10.01"]
[SourceQuality "1"]

1. Nf3 Nf6 2. d4 g6 3. Bf4 Bg7 4. e3 c5 5. c3 b6 6. a4 O-O 7. Nbd2 Ba6 8. Bb5
$6 (8. Bxa6 Nxa6 9. O-O) 8... d6 9. Qb3 Bb7 10. h3 Nc6 11. O-O $6 (11. Bh2)
11... a6 12. Be2 e5 $1 13. Bh2 cxd4 14. cxd4 exd4 15. Nxd4 Nxd4 16. exd4 Re8
17. Bf3 d5 18. a5 $6 (18. Be5 $10) 18... Ne4 $1 19. Rad1 (19. Bxe4 dxe4 20.
Qxb6 Qxb6 21. axb6 Bxd4 $17) 19... b5 20. Nxe4 dxe4 21. Be2 Bd5 22. Qb4 Rc8 23.
Qd2 (23. b3 Rc2 $19) 23... Bb3 24. Rc1 Qxd4 $19 25. Qf4 Rxc1 26. Qxc1 e3 27.
Bg3 exf2+ 28. Bxf2 Qxb2 29. Bf3 Bc4 30. Rd1 Qxc1 31. Rxc1 Bh6 32. Rb1 Bd2 33.
Bb6 Re1+ 34. Rxe1 Bxe1 {Ftacnik,L} 0-1

[Event "Copenhagen Open-03 (Politiken Cup-02)"]
[Site "Copenhagen"]
[Date "1981.06.22"]
[Round "3"]
[White "Dobosz, Henryk"]
[Black "Jansa, Vlastimil"]
[Result "1-0"]
[WhiteElo "2360"]
[BlackElo "2495"]
[Annotator "Ftacnik,L"]
[PlyCount "77"]
[EventDate "1981.06.20"]
[EventType "swiss"]
[EventRounds "10"]
[EventCountry "DEN"]
[SourceTitle "EXT 2000"]
[Source "ChessBase"]
[SourceDate "1999.11.16"]
[SourceVersion "1"]
[SourceVersionDate "1999.11.16"]
[SourceQuality "1"]

1. d4 Nf6 2. Nf3 g6 3. Bg5 Bg7 4. Nbd2 d6 5. e4 h6 6. Bh4 g5 7. Bg3 Nh5 8. c3
Nd7 9. Bc4 e6 $1 10. Nf1 $5 (10. O-O $5 Nxg3 11. hxg3 Nf6 12. e5 Ng4 $5 $13)
10... Nxg3 (10... f5 $1 11. exf5 exf5 12. Ne5 Nxg3 (12... Nhf6 13. Ng6 d5 $1
14. Nxh8 Bxh8 15. Bd3 f4 16. h4 $1 $13) 13. Ng6 $5 d5 $3 (13... Nxh1 $2 14.
Qe2+ $16) 14. hxg3 dxc4) (10... Qe7 11. Ne3 f5 $5 12. exf5 exf5 13. Ne5 $1 {
/\ Nd5}) 11. hxg3 $1 g4 $6 (11... Qe7 $142 12. Ne3 Nf6 13. e5 $5 Nd7 $1) 12.
Nh4 $1 h5 13. f4 Nf6 14. Qd3 $5 (14. Bd3 $5) 14... c6 15. d5 $5 (15. Bb3 $1)
15... exd5 16. exd5 cxd5 (16... Nxd5 17. Bxd5 cxd5 18. Ne3) 17. Bb5+ Kf8 (17...
Bd7 $142 18. Nf5 O-O) 18. Ne3 Qb6 $6 (18... Qa5 $2 19. Nxd5) (18... a6 $142 19.
Ba4 Ne4 $1) 19. O-O-O (19. O-O $5 a6 20. Ba4 Ne4 21. Kh2 Nc5 $2 22. Nxd5 $1 Qd8
(22... Qxb2 23. Qe3 $1) 23. Qd1 $16) 19... d4 $2 (19... Be6 20. f5 $5 Bh6 $1
21. Rhe1 d4 $1 $14) 20. cxd4 Be6 21. Bc4 $1 Rc8 22. Kb1 Bxc4 23. Nxc4 Qa6 24.
Rc1 d5 (24... Nd5 25. Qf5 $1) 25. Ne5 Qxd3+ 26. Nxd3 Rxc1+ (26... Rb8 27. Rc7)
27. Rxc1 Kg8 28. Rc7 $16 Ne4 29. Nf5 Bf6 30. Ne5 $1 (30. Rxb7 Kh7 $1) 30...
Bxe5 31. dxe5 Kh7 32. e6 $1 Kg6 (32... Rf8 33. Rxf7+ $1) 33. Rxf7 Re8 34. Ne7+
Kh6 35. Nf5+ Kg6 36. Nh4+ $1 Kh6 37. e7 $1 Nxg3 38. Kc2 d4 (38... Ne4 39. Rf8
$1 Nd6 40. Rf6+) 39. Kd3 1-0

[Event "Bad Zwesten op 5th"]
[Site "Bad Zwesten"]
[Date "2001.01.05"]
[Round "6"]
[White "Pelikian, Jefferson"]
[Black "Glek, Igor Vladimirovich"]
[Result "0-1"]
[WhiteElo "2387"]
[BlackElo "2551"]
[Annotator "Glek,I"]
[PlyCount "78"]
[EventDate "2001.01.02"]
[EventType "swiss"]
[EventRounds "7"]
[EventCountry "GER"]
[SourceTitle "CBM 080"]
[Source "ChessBase"]
[SourceDate "2001.01.25"]
[SourceVersion "1"]
[SourceVersionDate "2001.01.25"]
[SourceQuality "1"]

1. d4 Nf6 2. Nf3 g6 3. Nbd2 c5 4. e3 Bg7 5. Be2 O-O 6. c3 Qc7 7. O-O d5 8. Ne5
b6 9. b4 c4 $1 10. Bf3 $6 Bb7 11. Qc2 Nbd7 12. Nxd7 Nxd7 (12... Qxd7 $15) 13.
e4 dxe4 14. Bxe4 (14. Nxe4 e5 $17) 14... Bxe4 15. Nxe4 e5 16. Be3 h6 17. dxe5
Nxe5 18. h3 Nd3 $17 19. Nd2 Rad8 20. Rad1 Rd5 21. Nf3 Rfd8 22. a3 a5 23. bxa5 (
23. Rd2 $142 $17) 23... Rxa5 24. Rb1 Rb8 25. a4 Qc6 26. Qd2 (26. Ra1 $142 $17)
26... Kh7 27. h4 Rxa4 $19 28. h5 $5 gxh5 (28... b5) 29. Bd4 b5 30. Bxg7 Kxg7
31. Nd4 Qd5 32. Qe3 Kh7 33. g3 h4 34. Kh2 $138 hxg3+ 35. fxg3 Ra2+ 36. Ne2 Qh5+
37. Kg1 Rxe2 (37... Qxe2 38. Rxf7+ Kg8 $19) 38. Rxf7+ Qxf7 (38... Kg8 $19) 39.
Qxe2 Re8 0-1

[Event "Chicago op 11th"]
[Site "Chicago"]
[Date "2002.05.27"]
[Round "7"]
[White "Kacheishvili, Giorgi"]
[Black "Glek, Igor Vladimirovich"]
[Result "1-0"]
[WhiteElo "2584"]
[BlackElo "2605"]
[Annotator "Glek,I"]
[PlyCount "71"]
[EventDate "2002.05.24"]
[EventType "swiss"]
[EventRounds "7"]
[EventCountry "USA"]
[SourceTitle "CBM 088 Extra"]
[Source "ChessBase"]
[SourceDate "2002.07.01"]
[SourceVersion "2"]
[SourceVersionDate "2002.07.01"]
[SourceQuality "1"]

1. d4 Nf6 2. Nf3 g6 3. Bg5 Bg7 4. Nbd2 O-O 5. e4 h6 6. Bh4 c5 $5 7. dxc5 (7. e5
Nh5 (7... Nh7 8. dxc5 Nc6 9. Nc4 b5 10. cxb6 axb6 11. a4) 8. dxc5 Nc6 9. Nc4
Qc7 10. g4 Nf4 11. Bg3 Ne6 12. Bg2 Nxc5) (7. d5 d6 8. Be2 Nh5 9. c3 Nf4 $11 {
Braggetta-Glek,I/PortoSanGiorgio op 1999} (9... g5 10. Bg3 e6)) 7... Qa5 8. e5
(8. c3 Qxc5 9. Be2 (9. e5 $5) 9... d6 10. O-O Qc7 11. Nd4 Nc6 (11... Nbd7 $5)
12. Nc2 Be6 13. Ne3 {Naalden,M-Glek,I/Zwolle 2002/}) 8... Ne4 (8... Ng4 9. Bxe7
Re8 10. Bd6 Nxe5 11. Nxe5 Bxe5 12. Qe2 Nc6 13. f4 Nd4 14. Qe4 Nxc2+ 15. Kd1
Nxa1 16. fxe5 $18) 9. Bxe7 (9. Bd3 Nxd2 10. Qxd2 Qxc5 11. b4 Qc7 12. Bxe7 Re8
13. Bh4 (13. Bc5 Rxe5+) 13... Rxe5+ (13... Bxe5 14. O-O Bxa1 15. Rxa1 Kh7 16.
Bg3 d6 17. Bf4 Bg4 18. Nd4 $44) 14. Kf1 Re6 $15) 9... Re8 10. Bd6 Nxd6 11. cxd6
Bxe5 (11... Nc6 $5 12. Be2 Nxe5 13. O-O) 12. Nxe5 Qxe5+ 13. Be2 (13. Qe2 $5 Nc6
(13... b6 14. Nc4 Qe6 15. Rd1 $16) 14. Nc4 Qxe2+ 15. Bxe2 Nd4 16. Ne3 Rxe3 (
16... Nxe2 17. Kxe2 b6 18. f3 Re6 19. Rad1 Bb7 20. Kf2 Rc8 21. Rd4 Rce8 22. Re1
f5 23. c4 Kf7 24. b4 g5) (16... Re6 $14) 17. fxe3 Nxc2+ 18. Kd2 Nxa1 19. Rxa1
Kg7 $14) 13... b5 14. Nf3 Qe4 15. Qd2 Bb7 16. Kf1 (16. Kd1 $5 Nc6 $44) (16. O-O
$5 Qxe2 17. Rae1 Bxf3 18. Rxe2 Rxe2 19. Qd3 Nc6 (19... Bh5 20. g4 Bxg4 21. f3
Re6 22. fxg4 Nc6) 20. gxf3 Rae8 $44) 16... Nc6 17. Rg1 $5 (17. h4 Nd4 $1) 17...
Ne5 (17... Re6 18. Re1 Rae8 19. Qxh6 Qxe2+ 20. Rxe2 Rxe2 21. Qc1 Nb4 (21... b4
22. g4) 22. Nd4 R2e4 23. a3 Rxd4 24. axb4) 18. Nd4 Ng4 (18... Nc4 19. Bxc4 bxc4
) (18... Qh4 19. h3 Nc4 20. Bxc4 bxc4) (18... Nc4) 19. h3 Nh2+ 20. Ke1 Qh4 21.
c3 b4 (21... Re5 22. Rh1 Ng4 23. Qf4 Bxg2 24. Rh2 (24. Qxg4 Qxg4 25. hxg4 Bxh1
26. f3 Bxf3 27. Nxf3 Re6) (24. Rg1 Bxh3) 24... Bxh3) 22. Qd3 (22. Rh1 bxc3 23.
bxc3 Ng4 24. Qf4 Bxg2 25. Rh2 Bxh3) (22. Rh1) 22... bxc3 23. bxc3 Rac8 24. Qg3
(24. Rd1 Rc5 25. Qg3 Qf6) 24... Qf6 25. Kd2 Re4 $2 (25... Nf3+ $3 26. Bxf3 (26.
gxf3 Rxc3 $1 27. Kxc3 Rc8+ 28. Kd3 (28. Bc4 Bd5 29. Rgd1 Rxc4+ 30. Kd2 Rxd4+
31. Ke1 Rf4 32. Rac1 Bc4 $17) 28... Ba6+ 29. Ke4 Re8+ (29... Bxe2 30. Rac1 Bc4
31. Qe5) 30. Kd5 Re5+ 31. Qxe5 Bb7+ 32. Kc4 Qxe5 33. Rge1 Ba6+ 34. Kc3 Qc5+ 35.
Kb3 Qxd4 36. Bxa6 Qb6+ 37. Kc3 Qxa6 $17) 26... Rxc3 $1 27. Kxc3 Rc8+ 28. Kd3
Ba6+ 29. Ke4 Rc4 30. Qe5 Bb7+ 31. Kd3 Qxe5 32. Kxc4 Ba6+ 33. Kb3 Qxd4 $17) 26.
Rgc1 (26. Rgd1 Rxd4+ 27. cxd4 Qxd4+ 28. Ke1 Qb4+ 29. Rd2 Rc2 30. Qd3) 26...
Rxd4+ (26... Rxc3 $1 27. Qxc3 (27. Rxc3 Qxd4+ 28. Qd3 Qxf2 $17) 27... Qxf2 28.
Rd1 Rxd4+ 29. Kc1 Qf4+ 30. Rd2 Rxd6 (30... Rxd2 31. Qxd2 Qf2) 31. g3 Qg5 32. h4
Qe7) (26... Rxc3) 27. cxd4 Qxd4+ 28. Ke1 $2 (28. Qd3 $1 Qf4+ 29. Qe3 (29. Kd1
Re8 30. Rab1 Bxg2 (30... Be4) 31. Rb2 Re6 32. Rc4 Qxf2 33. Rb8+ Kh7 34. Rcc8
Nf3 $19) (29. Kd1) 29... Qb4+ (29... Qxd6+ 30. Ke1 Qb4+ 31. Qd2) 30. Kd1 Qxd6+
31. Qd2) 28... Re8 $1 29. Rab1 (29. Qc3 $142 Qxd6 30. Qd2 Qe5 31. Qe3 Qa5+ 32.
Qc3 Qg5 (32... Qa6)) 29... Rxe2+ (29... Ba6 $19 30. Rc2 Bxe2 31. Rxe2 Rxe2+ 32.
Kxe2 Qe4+ 33. Kd2 (33. Qe3 Qc2+ 34. Qd2 Qxb1 35. f3 Qf1+ 36. Ke3 Qg1+) 33...
Qxb1 34. Qxh2 Qxa2+ 35. Ke3 a5) 30. Kxe2 Ba6+ 31. Ke1 Qe4+ $2 $138 (31... Nf1
$1 $19 32. Rb8+ Kh7 33. Rh8+ Qxh8 34. Qf3 f5 $1 (34... Qe5+ 35. Kd1 Qxd6+ 36.
Kc2 Kg8) 35. Rc3 Qd4 36. Rc2 Qe5+ 37. Kd1 Qa1+ 38. Rc1 Qd4+ 39. Kc2 Qd2+ 40.
Kb3 Qxc1) 32. Kd2 (32. Qe3 Qxg2 33. Rb8+ Kh7 34. Kd1) 32... Nf1+ 33. Rxf1 Qd4+
34. Kc2 Bxf1 (34... Qe4+ 35. Kc3 Qc6+ 36. Kb2 Bxf1 37. Qc3 (37. Rc1)) 35. Rb8+
Kh7 36. Qc3 $138 (36. Qc3 Qxf2+ 37. Kb3 f6 38. Qf3 Qxf3+ (38... Qe1 39. Kc2 $1
$18 Be2 40. Qxf6 Qd1+ 41. Kb2 Qd2+ 42. Ka1 Qc1+ 43. Rb1) 39. gxf3 Bxh3 $132 40.
Ra8 h5 41. Rxa7 h4 42. Kc3 Be6 43. a4 h3 44. Rb7 g5 (44... Kh6 45. a5 Bd5 46.
Rb2 Bxf3 47. Rh2 Bg2 48. Kd2 Kg5 49. Ke3 Bf1 (49... Kg4 50. Rxg2+ hxg2 51. Kf2
Kh3 52. Kg1 $18) 50. Kf2) 45. Rb2 f5 46. Kd4 g4 47. Rh2 Kg6 48. a5 Bb3 49. a6
Ba4 50. Ke5 Kg5 51. Rc2 $18) 1-0

[Event "GER-ch 71st"]
[Site "Altenkirchen"]
[Date "1999.11.20"]
[Round "9"]
[White "Slobodjan, Roman"]
[Black "Gutman, Lev"]
[Result "0-1"]
[WhiteElo "2550"]
[BlackElo "2471"]
[Annotator "Gutman,L"]
[PlyCount "88"]
[EventDate "1999.11.12"]
[EventType "swiss"]
[EventRounds "9"]
[EventCountry "GER"]
[SourceTitle "CBM 074"]
[Source "ChessBase"]
[SourceDate "2000.02.01"]
[SourceVersion "1"]
[SourceVersionDate "2000.02.01"]
[SourceQuality "1"]

1. d4 Nf6 2. c3 g6 3. Bg5 Bg7 4. Nd2 O-O 5. Ngf3 d6 6. e4 Qe8 $5 {Schwarz
bereitet e7-e5 vor und befreit sich gleichzeitig von der Fesselung.} 7. Bc4 $5
({Diese Entwicklung bevorzugt Viktor Kortschnoj: Der Läufer steht hier,
zumindestens optisch, aktiver als auf d3.} 7. Bd3 h6 8. Bh4 e5 9. dxe5 dxe5 10.
O-O Nbd7 11. Re1 Nc5 12. Bf1 a5 (12... Bg4 $6 13. Qe2 Nh5 14. Qe3 Ne6 15. Nc4
Nef4 16. b4 b6 17. a4 {ergab etwas besseres Spiel für Weiß, Torre-Gutman,
Interzonenturnier Biel 1985}) 13. Qc2 b6 14. Rad1 {hätte Schwarz zurieden
stellen können.}) 7... e5 8. O-O (8. dxe5 dxe5 9. a4 {ist üblich, wenn auch 9.
...} a5 $1 ({unbedingt notwendig,} 9... Nh5 10. O-O Nd7 11. Re1 Nc5 12. Be3 Qe7
13. b4 Ne6 14. a5 a6 15. Qc2 {mit weißem Druckspiel geschah in der Partie
Kortschnoj-Gutman, Wijk aan Zee, 1987}) 10. O-O Na6 11. Re1 Nc5 {verspricht
Schwarz ausreichendes Gegenspiel.}) 8... h6 $5 9. Bh4 Nh5 10. Re1 Nc6 $5 ({
Selbstverständlich nicht} 10... g5 $6 11. Bg3 ({Oder} 11. Nxg5 $5 hxg5 12. Qxh5
gxh4 13. Nf3 Nd7 14. Ng5 Nf6 15. Qxh4) 11... g4 12. Nh4 {und die schwarze Lage
ist nicht beneidenswert. Aber, steht nun der Springer auf c6 besser als auf d7
- diese Frage hätte man stellen können.}) 11. dxe5 dxe5 ({Ich wollte - und
musste - auf Gewinn spielen, deshalb kam} 11... Nxe5 12. Nxe5 dxe5 13. Qb3 {
nicht in Frage.}) 12. Nf1 (12. b4 Nf4 13. Nf1 a5 14. b5 $6 Nd8 {und Weiß hat
nichts erreicht.}) 12... Na5 13. Bd3 (13. Be2 Nf4 14. Ne3 {war eine andere
Alternative, 14. ...} b6 15. Nd5 (15. b4 Nb7) 15... Nxd5 16. exd5 e4 17. Nd4 f5
{mit aktivem Gegenspiel.}) 13... Nf4 14. Ne3 b6 15. Nd5 Nxd5 16. exd5 {[#]
Diese Stellung hatte Slobodjan als günstig für Weiß eingeschätzt. Aber Schwarz
hat auch seine Trümpfe.} {16. ...} Bg4 $1 17. h3 (17. Bg3 {wird mit 17. ...} f5
{beantwortet.}) 17... Bxf3 18. Qxf3 f5 19. Qe2 (19. Ba6 Rb8 20. b4 e4 21. Qd1
Nb7 {ist kaum besser.}) 19... Nb7 20. f4 $5 (20. Bb5 Qf7 21. Bc6 Rab8 {mit
gutem Spiel für Schwarz.}) 20... g5 $5 ({Auf der Suche nach Initiative,} 20...
e4 21. Bb5 Qf7 22. Bc6 Rab8 23. Bxb7 Rxb7 24. Qb5 Bf6 {ergab etwa gleiche
Chancen.}) 21. fxg5 hxg5 22. Bxg5 Nd6 23. Rf1 (23. g4 {(Heinemann) würde ich
bevorzugen, wenn auch nach 23...} e4 24. Bc2 Qg6 25. h4 Bh6 $1 26. Bxh6 (26.
Qd2 Bxg5 27. Qxg5 Qxg5 28. hxg5 Rae8) 26... Qxh6 27. Qh2 fxg4 28. Bxe4 Rae8 {
Schwarz die Initiative behält.}) 23... Qg6 24. Bd2 e4 25. Bc2 Bh6 26. Bf4 Rf7
27. Kh1 {Nicht unbedingt notwendig, aber wer kann das schon genau wissen.} {
27. ...} Re8 28. Rf2 Rg7 29. Raf1 Bxf4 30. Rxf4 b5 $1 31. b3 Re5 32. c4 bxc4
33. bxc4 Nxc4 34. d6 {Ein verzweifelter Versuch den Läufer zu aktivieren,} (34.
R1f2 Nd6) 34... Nxd6 35. g4 $6 (35. Bb3+ {war zu bevorzugen,35. ...} Kf8 (35...
Kh8 36. Rh4+ Rh7 37. Qb2) 36. g4 (36. Rg4 Qf6) 36... Rh7 {mit besserem Spiel
für Schwarz.}) 35... Qh6 36. Kh2 (36. Qe3 Kh7 37. Qg3 Re6) 36... Rc5 $5 (36...
fxg4 37. Rxg4 Rxg4 38. Qxg4+ Kh8 {war gut möglich.}) 37. Bb3+ (37. gxf5 Rc3 38.
h4 Rgg3 39. Bxe4 Nxe4 40. Qxe4 Rh3+ 41. Kg1 Qb6+ 42. Qd4 Rhg3+ 43. Kh2 Qb2+ {
mit Matt in einigen Zügen.}) 37... Kh7 38. gxf5 (38. Qe3 fxg4 $1 39. Qxc5 Qxh3+
40. Kg1 g3 {und Weiß ist hilflos.}) 38... Rc3 39. h4 Rgg3 40. Rg4 Rh3+ 41. Kg2
Rxh4 42. Rf2 Rh1 ({Nichts sprach gegen} 42... Rh2+ 43. Kf1 Qh3+ 44. Ke1 Rc1+ {.
}) 43. Rg7+ Kxg7 44. Qg4+ Kf6 {und Weiß gab auf, nach 45.Qg6 + folgt 45. ...
Ke5.} 0-1